| 000 | 00919nam a22002537a 4500 | ||
|---|---|---|---|
| 001 | 57683 | ||
| 003 | BD-RjUL | ||
| 005 | 20211209080536.0 | ||
| 008 | 161211b xxu||||| |||| 00| 0 eng d | ||
| 035 | _a(BD-RjUL)57807 | ||
| 040 |
_aBD-RjUL _beng _cBD-RjUL _dBD-RjUL |
||
| 041 | _aeng | ||
| 082 |
_223 _a320 _bPOl 1992 |
||
| 245 | 1 | 0 |
_aThe politics of culture and creativity : _ba critique of civilization / _c Christine Ward Gailey |
| 260 |
_aGainesville [u.a.] : _bUniv. Press of Florida, _c1992. |
||
| 300 |
_axiii, 531 p. ; _c24 cm. |
||
| 490 | _a Dialectical anthropology : essays in honor of Stanley Diamond / ed. by Christine Ward Gailey, 2. | ||
| 500 | _aInclude index | ||
| 505 | _aVol. 2 -- | ||
| 650 |
_aPolitics _9171312 |
||
| 700 |
_aGailey Christine Ward _9171313 |
||
| 856 | _3 Dialectical anthropology : essays in honor of Stanley Diamond / ed. by Christine Ward Gailey, 2. | ||
| 942 |
_2ddc _cBK |
||
| 999 |
_c57683 _d57683 |
||